Discurso pronunciado por el generalísimo Dr. Rafael Leónidas Trujillo Molina ante el Congreso Nacional... el día 27 de febrero de 1952 (Record no. 146832)
[ view plain ]
| 000 -LEADER | |
|---|---|
| campo de control de longitud fija | 00732nam a2200169 i 4500 |
| 001 - NÚMERO DE CONTROL | |
| campo de control | 146832 |
| 003 - IDENTIFICADOR DE NÚMERO DE CONTROL | |
| campo de control | ES-MaACL |
| 005 - FECHA Y HORA DE LA ÚLTIMA TRANSACCIÓN | |
| campo de control | 20230906201703.0 |
| 007 - CAMPO FIJO DE DESCRIPCIÓN FÍSICA--INFORMACIÓN GENERAL | |
| campo de control de longitud fija | t| |
| 008 - DATOS DE LONGITUD FIJA--INFORMACIÓN GENERAL | |
| campo de control de longitud fija | 070918q1952 dr |||| | spa d |
| 100 1# - ENTRADA PRINCIPAL--NOMBRE DE PERSONA | |
| Nombre de persona | Trujillo Molina, Rafael Leónidas. |
| 9 (RLIN) | 111579 |
| 245 10 - MENCIÓN DEL TÍTULO | |
| Título | Discurso pronunciado por el generalísimo Dr. Rafael Leónidas Trujillo Molina ante el Congreso Nacional... el día 27 de febrero de 1952 |
| Resto del título | : [tema: rendición de cuentas de su gestión gubernativa] / |
| Mención de responsabilidad, etc. | Rafael Leónidas Trujillo Molina. |
| 260 ## - PUBLICACIÓN, DISTRIBUCIÓN, ETC. | |
| Lugar de publicación, distribución, etc. | Ciudad Trujillo (República Dominicana) : |
| Nombre del editor, distribuidor, etc. | [s.n., |
| Fecha de publicación, distribución, etc. | 1952] |
| 300 ## - DESCRIPCIÓN FÍSICA | |
| Extensión | 20 p. ; |
| Dimensiones | 24 cm. |
| 651 #4 - PUNTO DE ACCESO ADICIONAL DE MATERIA--NOMBRE GEOGRÁFICO | |
| Nombre geográfico | República Dominicana- |
| Subdivisión general | Política y gobierno- |
| Subdivisión cronológica | 1930-1961. |
| 9 (RLIN) | 169290 |
| 852 ## - LOCALIZACIÓN | |
| Ubicación | ES-MaACL |
| Número de control de estantería | 1936-F-13 |
| Estatus retirado | Estado de pérdida | Estado de daño | No para préstamo | Colección | Biblioteca de origen | Biblioteca actual | Ubicación en estantería | Fecha de adquisición | Fuente de adquisición | Total de préstamos | Signatura topográfica completa | Código de barras | Visto por última vez | Precio de reemplazo | Tipo de ítem Koha |
|---|---|---|---|---|---|---|---|---|---|---|---|---|---|---|---|
| Colección de folletos | Biblioteca del Ateneo de Madrid | Biblioteca del Ateneo de Madrid | Depósito folletos | 17/01/2008 | 1936-F-13 | 1153243 | 23/02/2023 | 23/02/2023 | Folleto |
